|
|
|
|
| LEADER |
00000nam0a2200000 4500 |
| 001 |
135229 |
| 005 |
20231101220534.0 |
| 010 |
|
|
|a 5080002654
|
| 020 |
|
|
|a RU
|b 91-1726
|
| 035 |
|
|
|a (RuTPU)RU\TPU\book\146562
|
| 090 |
|
|
|a 135229
|
| 100 |
|
|
|a 20080408d1990 e y0rusy5003 ca
|
| 101 |
0 |
|
|a rus
|
| 102 |
|
|
|a RU
|
| 105 |
|
|
|a a z 000ay
|
| 200 |
1 |
|
|a Дорогой мой человек
|e роман
|e Для старшего школьного возраста
|f Ю. П. Герман
|g худож. В. Петров ; Л. Петров
|
| 210 |
|
|
|a Москва
|c Детская литература
|c Ленингр. отд-ние
|d 1990
|
| 215 |
|
|
|a 414,[2] с.
|c ил.
|d 21 см
|
| 225 |
1 |
|
|a Библиотека юношества
|
| 225 |
1 |
|
|a Библиотечная серия
|
| 312 |
|
|
|a 2-я кн. трилогии. Продолж. романа "Дело, которому ты служишь"
|
| 610 |
1 |
|
|a врачи
|
| 610 |
1 |
|
|a Великая Отечественная война 1941-1945
|
| 610 |
1 |
|
|a романы
|
| 675 |
|
|
|a Р2
|z rus
|
| 700 |
|
1 |
|a Герман
|b Ю. П.
|c русский писатель
|f 1910-1967
|g Юрий Павлович
|2 stltpush
|3 (RuTPU)RU\TPU\pers\15435
|9 5347
|
| 702 |
|
1 |
|a Петров
|b В.
|4 440
|
| 702 |
|
1 |
|a Петров
|b Л.
|4 440
|
| 801 |
|
0 |
|a RU
|b RuMRKP
|c 19950417
|g psbo
|
| 801 |
|
1 |
|a RU
|b 63413507
|c 20080408
|g PSBO
|
| 801 |
|
2 |
|a RU
|b 63413507
|c 20140221
|g PSBO
|
| 942 |
|
|
|c BK
|